Five Biggest Countries by Number of Letters - Statistics

General Stats
  • This quiz has been taken 2,382 times
    2,151 since last reset
  • The average score is 30 of 40
Answer Stats
# Country % Correct
5 China
96%
6 Russia
96%
6 Canada
94%
6 Brazil
93%
5 India
92%
9 Australia
91%
6 Mexico
91%
4 Chad
89%
4 Iran
89%
4 Peru
88%
9 Argentina
87%
10 Kazakhstan
87%
9 Indonesia
86%
4 Iraq
86%
7 Algeria
84%
4 Mali
84%
8 Mongolia
82%
5 Niger
81%
5 Sudan
81%
8 Colombia
80%
8 Pakistan
80%
5 Libya
79%
9 Venezuela
74%
11 Saudi Arabia
73%
11 South Africa
73%
6 Angola
72%
8 Ethiopia
72%
7 Nigeria
72%
11 Afghanistan
69%
8 Tanzania
68%
7 Bolivia
67%
7 Namibia
65%
10 Mozambique
63%
10 Mauritania
61%
11 Philippines
58%
10 Madagascar
57%
10 South Sudan
52%
7 Myanmar
50%
11 Cote d'Ivoire
16%
9 Nicaragua
16%
No matching quizzes found
Score Distribution
Percent of People with Each Score
Percentile by Number Answered
Your Score History
You have not taken this quiz since the last reset